| 000 | 01243nam a2200265 a 4500 | ||
|---|---|---|---|
| 001 | 78658 | ||
| 003 | BD-RjUL | ||
| 005 | 20211209083146.0 | ||
| 008 | 211027s2021 bg ||||| |||| 00| 0 ben d | ||
| 020 |
_a9789840426454 _c: Tk. 1000.00 |
||
| 035 | _a(BD-RjUL)78884 | ||
| 040 |
_aBD-RjUL _beng _cBD-RjUL |
||
| 041 | _aben | ||
| 082 |
_223 _a954.14 _bSAB 2021 |
||
| 100 |
_aসান্যাল, দুর্গাচন্দ্র _9249408 |
||
| 245 | 1 | 0 |
_aবাঙ্গালার সামাজিক ইতিহাস / _cশ্রীদুর্গাচন্দ্র সান্যাল কর্ত্তৃক সংগৃহীত ; মাহবুব সিদ্দিকী সম্পাদিত |
| 260 |
_aঢাকা : _bআগামী প্রকাশনী, _c২০২১ |
||
| 300 |
_aখণ্ড ; _c২২ সেমি. |
||
| 505 | 0 | 1 | _aখণ্ড. ১ -- |
| 650 |
_aবাংলা (ভারত) _xইতিহাস _9249409 |
||
| 650 |
_aবাংলা (ভারত) _xসামাজিক জীবন ও রীতিনীতি _9249410 |
||
| 650 |
_aBengal (India) _xSocial life and customs. _9249411 |
||
| 700 |
_aসিদ্দিকী, মাহবুব _9249414 |
||
| 942 |
_2ddc _cBK |
||
| 999 |
_c78658 _d78658 |
||